God made me new / (Record no. 5134)

MARC details
000 -LEADER
fixed length control field 00665cam a22002531i 4500
001 - CONTROL NUMBER
control field 7026859
003 - CONTROL NUMBER IDENTIFIER
control field GBCCL
005 - DATE AND TIME OF LATEST TRANSACTION
control field 20241126110534.0
008 - FIXED-LENGTH DATA ELEMENTS--GENERAL INFORMATION
fixed length control field 790530s1961 tnu 000 0aeng
010 ## -
-- 61005394
035 ## - SYSTEM CONTROL NUMBER
System control number (OCoLC)5015240
040 ## - CATALOGING SOURCE
Original cataloging agency DLC
Transcribing agency TxDaB
Modifying agency DLC
042 ## -
-- premarc
050 00 -
-- BV4935.L77
-- A3
082 ## - DEWEY DECIMAL CLASSIFICATION NUMBER
Classification number 248.24
Item number LUC
100 1# - MAIN ENTRY--PERSONAL NAME
Personal name Luck, Burnice.
9 (RLIN) 9261
245 10 - TITLE STATEMENT
Title God made me new /
Remainder of title Burnice Luck.
260 ## - PUBLICATION, DISTRIBUTION, ETC.
Place of publication, distribution, etc. Nashville :
Name of publisher, distributor, etc. Broadman,
Date of publication, distribution, etc. 1961.
300 ## - PHYSICAL DESCRIPTION
Extent 70 p. ;
Dimensions 20 cm.
600 10 - SUBJECT ADDED ENTRY--PERSONAL NAME
Personal name Luck, Burnice.
9 (RLIN) 9261
650 #0 - SUBJECT ADDED ENTRY--TOPICAL TERM
Topical term or geographic name entry element Converts.
9 (RLIN) 9262
906 ## - LOCAL DATA ELEMENT F, LDF (RLIN)
a 7
b cbc
c oclcrpl
d u
e ncip
f 19
g y-gencatlg
942 ## - ADDED ENTRY ELEMENTS (KOHA)
Source of classification or shelving scheme Dewey Decimal Classification
Koha item type Books
Koha issues (borrowed), all copies 1
Holdings
Withdrawn status Lost status Source of classification or shelving scheme Damaged status Not for loan Home library Current Library Shelving location Date acquired Total checkouts Full call number Barcode Date last seen Date last checked out Copy number Price effective from Koha item type
    Dewey Decimal Classification     GRACE BIBLE COLLEGE GRACE BIBLE COLLEGE Ministry & Mission 2018-02-28 1 248.24 LUC 009536 2025-05-01 2024-02-19 c.1 2018-02-28 Books
© Grace Bible College Library 2025